Wound healing properties of Orthosiphon stamineus leaves extracts in rats (an animal model) /
Saved in:
| Main Author: | |
|---|---|
| Format: | Thesis Book |
| Language: | English |
| Published: |
2010.
|
| Subjects: | |
| Tags: |
Add Tag
No Tags, Be the first to tag this record!
|
| LEADER | 00986cam a2200265 a 4500 | ||
|---|---|---|---|
| 001 | u796193 | ||
| 003 | SIRSI | ||
| 005 | 201008191622 | ||
| 008 | 100819s2009 my x 000 0 eng m | ||
| 040 | |a UMP | ||
| 096 | |a QU4 |b UM 2009 Kal | ||
| 100 | 0 | |a Kalayselvi Ramasamtran. | |
| 245 | 1 | 0 | |a Wound healing properties of Orthosiphon stamineus leaves extracts in rats (an animal model) / |c Kalayselvi Ramasamtran. |
| 260 | |c 2010. | ||
| 300 | |a viii, 62 leaves : |b col. ill. ; |c 30cm. | ||
| 502 | |a Research report (B.Biomed.Sc.) -- Department of Molecular Medicine, Faculty of Medicine, University of Malaya, 2009. | ||
| 504 | |a Bibliography: leaves 40-45. | ||
| 650 | 1 | 2 | |a Animals, Laboratory. |
| 650 | 2 | 2 | |a Plants, Medicinal. |
| 650 | 2 | 2 | |a Wound Healing. |
| 650 | 2 | 2 | |a Disease Models, Animal. |
| 710 | 2 | 0 | |a Universiti Malaya. |b Jabatan Perubatan Molekul. |
| 900 | |a RAH | ||
| 596 | |a 2 | ||
| 999 | |a QU4 UM 2009 KAL |w NLM |c 1 |i A514502350 |d 1/9/2010 |f 1/9/2010 |g 1 |l TESIS |m P02MEDKL |r Y |s Y |t TESIS |u 1/9/2010 | ||
